1963 1156 1919 1152 1452 1063 1965 1242 1546 2000 1690 1151 1326 1069 1590 1224 1130 1640 1930 1245 1803 1206 1283 1074 1499 1630 1059 1080 1895 1625 1198 1036 1230 1377 1469 1542 1931 1039 1197 1042 1187 1884 1454 1633 1114 1834 1107 1641 1547 1499 1641 1288 1790 1784 1442 1682 1499 1876 1530 1302 1768 1957 1006 1213 1616 1570 1754 1828 1186 1529 1438 1257 1776 1891 1642 1950 1328 1284 1504 1888 1210 1377 1316 1506 1817 1130 1245 1191 1521 1327 1274 1573 1183 1938 1355 1808 1283 1529 1390 BCNSPRNW ULIB Ver.6.0+V

เปลี่ยนเป็นภาษาไทย

Change to English
 แสดงรายละเอียดบรรณานุกรม
  กลับหน้าหลัก

Brief Record : Get Marc (ISO 2709) : E-mail record : QR code < ปิดหน้าต่าง
LEADER : 00000nam 2200000uu 4500
001    13399111603
003     ULIB
008    110627s||||||||th 000 0 tha d
020    9786165020060
090    นว.^bก832ค 2552
100 0  เก้าแต้ม
245 00 คิมหันต์มายา/^cเก้าแต้ม
250    พิมพ์ครั้งที่ 2
260    กรุงเทพฯ :^bสถาพรบุ๊คส์,^c2552
300    354 หน้า
945    ^p240^l0^i028088
995    ทศพร
999 ^a ใช้งานได้ทุกระบบ
รายการนี้ยังไม่มีแท็ก
คุณยังไม่ได้ล็อกอิน คุณสามารถมีกิจกรรมร่วมกับเว็บไซต์ได้ แต่ต้องล็อกอินก่อน ::
  ล็อกอิน

รายการสื่อสารสนเทศ

ลำดับที่ ประเภท เลขเรียก/บาร์โค้ด สถานที่ สถานะ
- ไม่พบข้อมูล -

รายการใกล้เคียง
    ผู้แต่ง [เก้าแต้ม]

BibComment


ยังไม่เคยถูกคอมเมนท์

คอมเมนท์ทรัพยากรรายการนี้
  คอมเมนท์: คิมหันต์มายา เก้า..


 Copyright 2026. Bcnsprnw @Library